International Thermodynamic Tables of the Fluid State Volume 7: Propylene (Propene)

Enregistré dans:
Détails bibliographiques
Autres auteurs: Angus, S. (Éditeur intellectuel), Armstrong, B. (Éditeur intellectuel), de Reuck, K.M (Éditeur intellectuel)
Format: Livre
Langue:anglais
Publié: Oxford Pergamon Press 1980
Collection:International Union of Pure and Applied Chemistry (IUPAC)
Sujets:
Accès en ligne:Voir à l'OPAC
Tags: Ajouter un tag
Pas de tags, Soyez le premier à ajouter un tag!

MARC

LEADER 00000nam a2200000 a 4500
005 20260127133943.0
008 090603 1980 enk 000 0 eng d
020 |a 0080223737 
035 |a vtls009520897 
039 9 |y 200906030945  |z mschk03 
040 |a STUSCHK1  |b slo  |c STUSCHK1  |e AACR2 
080 |a 547.313.3:536.7 
080 |a 536.7:547.313.3 
245 1 |a International Thermodynamic Tables of the Fluid State  |n Volume 7: Propylene (Propene)  |c edited by S.Angus, B. Armstrong, K.M. de Reuck 
260 |a Oxford  |b Pergamon Press  |c 1980 
300 |a xxiii, 401 s.  |b il.  |c 25,5 cm 
490 0 |a International Union of Pure and Applied Chemistry (IUPAC) 
650 0 |a propylene 
700 1 |a Angus, S.  |4 edt 
700 1 |a Armstrong, B.  |4 edt 
700 1 |a de Reuck, K.M.  |4 edt 
910 |a SCHK95 
919 |a 0-08-022373-7 
999 |c 801  |d 801